| 000 | 00604nam a2200181 a 4500 | ||
|---|---|---|---|
| 005 | 20240706063636.0 | ||
| 008 | 991125s1967 mx 000 0 spa u | ||
| 035 | _aUPN01000012858 | ||
| 049 | _aCG | ||
| 050 | 4 |
_aLC4215 _bS6.38 |
|
| 100 | 1 |
_aSpock, Benjamín McLane, _d1903-1998 _932094 |
|
| 245 | 1 | 3 |
_aEl cuidado del niño lisiado / _cBenjamín Spock y M. O. Lerrigo ; tr. Carolina Amor. |
| 260 |
_aMéxico : _bLa Prensa Mexicana, _c1967. |
||
| 300 |
_a206 p. : _bil. |
||
| 650 | 4 |
_aNiños con discapacidad _xEducación _91549 |
|
| 700 | 1 |
_aLerrigo, Marion Olive, _dn. 1896 _ecoaut. _932095 |
|
| 905 | _aLibro | ||
| 999 |
_c12858 _d12858 |
||